Храм Духа в храме науки (Запись № 1066862)

Подробности
000 -МАРКЕР
контрольное поле 02026nam0a2200349 4500
001 - ИДЕНТИФИКАТОР ЗАПИСИ
контрольное поле RU\NLR\bibl\1383107
005 - ИДЕНТИФИКАТОР ВЕРСИИ
контрольное поле 20260407203150.0
010 ## - МЕЖДУНАРОДНЫЙ СТАНДАРТНЫЙ НОМЕР КНИГИ (ISBN)
Номер (ISBN) 978-5-288-04793-0
Тираж 300
021 ## - НОМЕР ГОСУДАРСТВЕННОЙ РЕГИСТРАЦИИ
Код страны Российская Федерация
Номер 2009-61282
Номер Листа государственной регистраци 3779
035 ## - ДРУГИЕ СИСТЕМНЫЕ НОМЕРА
Идентификатор записи (NLR Aleph) 001375182
100 ## - ДАННЫЕ ОБЩЕЙ ОБРАБОТКИ
Данные общей обработки 20090618d2009 |||y0rusy50 ca
101 0# - ЯЗЫК РЕСУРСА
Язык текста, звукозаписи и т.д. русский
102 ## - СТРАНА ПУБЛИКАЦИИ ИЛИ ПРОИЗВОДСТВА
Страна публикации Российская Федерация
105 ## - ПОЛЕ КОДИРОВАННЫХ ДАННЫХ: ТЕКСТОВЫЕ МАТЕРИАЛЫ, МОНОГРАФИЧЕСКИЕ
Кодированные данные о монографическом текстовом документе a |||||||||
200 1# - ЗАГЛАВИЕ И СВЕДЕНИЯ ОБ ОТВЕТСТВЕННОСТИ
Основное заглавие Храм Духа в храме науки
Сведения, относящиеся к заглавию материалы юбилейной конференции, посвященной 170-летию университетского храма святых апостолов Петра и Павла
Первые сведения об ответственности [сост. и отв. ред. прот. Кирилл Копейкин]
210 ## - ПУБЛИКАЦИЯ, РАСПРОСТРАНЕНИЕ И ДР.
Место издания, распространения и т.д. Санкт-Петербург
Имя издателя, распространителя и т. д. Изд-во Санкт-Петербургского университета
Дата издания, распространения и т.д. 2009
215 ## - ФИЗИЧЕСКАЯ ХАРАКТЕРИСТИКА
Специфическое обозначение материала и объем 373, [1] с., [8] л. ил., цв. ил., портр.
Размеры 20
316 ## - ПРИМЕЧАНИЯ ОБ ОСОБЕННОСТЯХ ЭКЗЕМПЛЯРА
Текст примечания С автогр. сост.
Организация и экземпляр, к которому относится поле NLR
320 ## - ПРИМЕЧАНИЯ О НАЛИЧИИ В ДОКУМЕНТЕ БИБЛИОГРАФИИ / УКАЗАТЕЛЯ
Текст примечания Библиогр. в подстроч. примеч.
601 02 - НАИМЕНОВАНИЕ ОРГАНИЗАЦИИ КАК ПРЕДМЕТ
Начальный элемент ввода Храм святых апостолов Петра и Павла
Идентифицирующий признак Санкт-Петербург, город
Формальный подзаголовок Съезды, совещания и т.п.
Системный номер авторитетной/нормативной записи 2558816
Идентификатор авторитетной/нормативной записи RU\NLR\auth\661513734
686 ## - ИНДЕКСЫ ДРУГИХ КЛАССИФИКАЦИЙ
Индекс Э372.24-655я431
702 #1 - ИМЯ ЛИЦА - ВТОРИЧНАЯ ОТВЕТСТВЕННОСТЬ
Код отношения Составитель
Графика поля Кириллица
Материалы, к которым относится поле rus
Начальный элемент ввода Копейкин
Часть имени, кроме начального элемента ввода К. В.
Даты 1959-
Расширение инициалов личного имени Кирилл Владимирович
Системный номер авторитетной/нормативной записи 48144
Идентификатор авторитетной/нормативной записи RU\NLR\auth\7765215
711 12 - НАИМЕНОВАНИЕ ОРГАНИЗАЦИИ - АЛЬТЕРНАТИВНАЯ ОТВЕТСТВЕННОСТЬ
Начальный элемент ввода "Храм Духа в храме науки", юбилейная конференция, посвященная 170-летию университетского храма святых апостолов Петра и Павла
Место проведения временной организации Санкт-Петербург
Дата проведения временной организации 2007
Системный номер авторитетной/нормативной записи 765784
Идентификатор авторитетной/нормативной записи RU\NLR\AUTH\8810134893
801 #0 - ИСТОЧНИК ЗАПИСИ
Страна Российская Федерация
Организация NLR
Дата составления 20090618
Правила каталогизации RCR
801 #1 - ИСТОЧНИК ЗАПИСИ
Страна Российская Федерация
Организация NLR
Дата составления 20090618
942 ## - ДОПОЛНИТЕЛЬНЫЕ ЭЛЕМЕНТЫ ЗАПИСИ (АБИС)
Тип экземпляра АБИС Книга
980 ## - КОЛЛЕКЦИЯ
Название коллекции Национальная библиография
Экземпляры
Тип экземпляра Дата поступления Источник поступления Стоимость Библиотека постоянного хранения Библиотека текущего хранения Место хранения Шифр хранения Штрих-код Статус экземпляра
Книга 18.06.2009 Дар 150.00 РНБ (Московский) РНБ (Московский) Русский книжный фонд: издания с 1957 года 2009-3/19788 1-305222  
Книга 01.10.2009 Обязательный экземпляр   РНБ (Московский) РНБ (Московский) Русский книжный фонд: издания с 1957 года 2009-3/19788 1-96907  
Книга 18.07.2017   85.00 РНБ (Московский) РНБ (Московский) Обменный фонд   1-937560  
Книга 01.10.2009 Обязательный экземпляр   РНБ (Садовая) РНБ (Садовая) Фонд международного книгообмена   3006167